| 000 | 00492nam a2200181Ia 4500 | ||
|---|---|---|---|
| 003 | GCL | ||
| 008 | 140319s9999 xx 000 0 ara d | ||
| 040 |
_aGCL / _cGCL |
||
| 082 | 0 | 4 |
_a811.1 _bا د |
| 100 | 1 | _aكامل سليمان | |
| 245 | 1 | 0 |
_aديوان الاعشى / _cكامل سليمان |
| 260 |
_a[S.N] : _bدار الكتاب اللبنانى |
||
| 300 | _a224 ص | ||
| 490 | _a | ||
| 650 | 0 | 4 | _aالشعر العربى |
| 650 | 0 | 4 | _aالادب العربى |
| 942 |
_2ddc _cBK |
||
| 999 |
_c50152 _d50152 |
||